Teorías del cine: un balance histórico
-д хадгалсан:
| Үндсэн зохиолч: | |
|---|---|
| Формат: | Ном |
| Хэл сонгох: | испани |
| Хэвлэсэн: |
s.l
Montesinos
1999
|
| Хэвлэл: | 2a. ed |
| Цуврал: | Biblioteca de Divulgación Temática, 60
|
| Нөхцлүүд: | |
| Шошгууд: |
Шошго нэмэх
Шошго байхгүй, Энэхүү баримтыг шошголох эхний хүн болох!
|
MARC
| LEADER | 00000cam a2200000 a 4500 | ||
|---|---|---|---|
| 001 | UCD9597 | ||
| 003 | CL-VaPUC | ||
| 008 | 170630e19990000sp |||||||||||||||||spa|d | ||
| 020 | |a 9788489354913 | ||
| 082 | 0 | 4 | |a 791.4301 |b MON |2 21 |
| 100 | |a Montiel, Alejandro |e autor |9 593274 | ||
| 245 | 1 | 0 | |a Teorías del cine: un balance histórico |
| 250 | |a 2a. ed | ||
| 300 | |a 149 p | ||
| 942 | |c BK | ||
| 945 | |d 20170630 21:31:00 |a dcastane | ||
| 260 | |a s.l |b Montesinos |c 1999 | ||
| 650 | 0 | |a Cine |9 225706 | |
| 650 | 0 | |a Historia del cine |9 265166 | |
| 650 | 0 | |a Estética |9 264950 | |
| 650 | 7 | |a ESTETICA DEL CINE |2 CL-VaPUC |9 528586 | |
| 583 | |a last modification |c 20170630 21:31:00 |k Rodrigo Vera | ||
| 490 | 0 | |a Biblioteca de Divulgación Temática, 60 | |
| 999 | |c 368698 |d 368696 | ||
| 952 | |0 0 |1 0 |3 erb |4 0 |6 791_430100000000000_MON_1999 |7 0 |8 A |9 484102 |a BIBART |b BIBART |i 5402794 |o 791.4301 MON 1999 |p 5402794 |r 2025-03-13 |w 2019-11-24 |y BK |z Catalogado en:20170630 |k ART | ||